Fictional Characters by Nationality III Quiz Stats

Quiz Updated Oct 16, 2014

Challenge
Share
Tweet
Embed
Score 0/18 Timer 04:00
5 Plays Today
% Correct
Japanese
96.6%
French
93.8%
Russian
93.2%
Greek
92.7%
Italian
89.3%
South Korean
88.7%
British
84.9%
Egyptian
83.8%
Canadian
83.4%
% Correct
American
77.5%
Kazakh
75.5%
Norwegian
74.8%
Irish
71.7%
German
66.8%
Australian
65.5%
Swiss
62.3%
South African
59.3%
Latvian
50.4%

You're not logged in!

Compare scores with friends on all Sporcle quizzes.
Sign Up with Email
OR
Log In

You Might Also Like...

Show Comments

Extras

Top Quizzes Today


Score Distribution

Your Account Isn't Verified!

In order to create a playlist on Sporcle, you need to verify the email address you used during registration. Go to your Sporcle Settings to finish the process.